000
00263nam a22000977a 4500
999
_c
516596
_d
516596
082
_a
BA27X54 R314
100
_a
Anandhi, S. (ed.)
_9
23131
245
_a
Rethinking social justice
_c
edited by S. Anandhi
260
_a
Hyderabad
_b
Orient BlackSwan
_c
2020
300
_a
334p.